Statistics for Top 5 New York Knicks Players Per Position

Click here to take the quiz!

General Stats

  • This quiz has been taken 133 times
    (72 since last reset)
  • The average score is 11 of 25

Answer Stats

Position#PlayerWS% Correct
C1Patrick Ewing123.0
98%
SF1Carmelo Anthony43.6
91%
PG1Walt Frazier108.8
88%
C2Willis Reed74.9
74%
SG3John Starks44.3
66%
SG4Earl Monroe43.9
60%
SF3Bernard King27.1
57%
SG2Allan Houston45.5
55%
PF2Charles Oakley67.5
55%
PG3Mark Jackson37.7
51%
SG1Richie Guerin46.0
46%
SF5Latrell Sprewell20.8
43%
PF5Anthony Mason37.8
37%
SF2Bill Bradley38.8
34%
C4Mitchell Robinson33.9
26%
SG5Dick Barnett42.8
25%
C3Bill Cartwright56.8
23%
PG5Charlie Ward32.0
23%
PG2Carl Braun63.8
18%
PF4Kurt Thomas39.0
18%
C5Walt Bellamy33.1
18%
PF1Harry Gallatin72.3
17%
SF4Willie Naulls24.5
12%
PG4Dick McGuire36.1
11%
PF3Kenny Sears51.1
6%

Score Distribution

Percentile by Number Answered

Percent of People with Each Score

Your Score History

You have not taken this quiz since the last reset